Normal view MARC view
  • Cova, Félix

Entry Nombre Personal

Number of records used in: 1

001 - NUMERO DE CONTROL

  • campo de control: 56674

003 - IDENTIFICADOR DE NUMERO DE CONTROL

  • campo de control: UPN

005 - FECHA Y HORA DE LA ÜLTIMA TRANSACCIÓN

  • campo de control: 20250526133042.0

008 - DATOS DE LONGITUD FIJA

  • campo de control de longitud fija: 250526|| acn||aabn | a|a d

024 7# - OTROS IDENTIFICADORES NORMALIZADOS

  • Fuente: orcid
  • Número normalizado o código: https://orcid.org/0000-0002-9290-6875

040 ## - FUENTE DE CATALOGACIÓN

  • Agencia original de catalogación: MX-MxUPN

100 ## - ENCABEZAMIENTO - NOMBRE PERSONAL

  • Nombre personal: Cova, Félix

370 ## - LUGAR ASOCIADO

  • Associated country: Chile

373 ## - GRUPO ASOCIADO

  • Associated group: Universidad de Concepción

670 ## - FUENTE EN LA QUE SE LOCALIZARON DATOS

  • Cita de la fuente: En recurso en línea: Papeles del psicólogo. Vol. 46, no. 1 (2025)
  • Información localizada: (Félix Cova)
  • Uniform Resource Identifier: https://www.papelesdelpsicologo.es/pdf/3052.pdf

902 ## - CATALOGADOR

  • Catalogador: Leonor Sotres/260525